[Event "GER-ch Seniors-B 20th"]
[Site "Erfurt"]
[Date "2008.08.06"]
[Round "2"]
[White "Maass, Edith"]
[Black "Krueger, Bernhard"]
[Result "1/2-1/2"]
[WhiteElo "1302"]
[BlackElo "1494"]
[PlyCount "71"]
[EventDate "2008.08.05"]
[EventType "swiss"]
[EventRounds "9"]
[EventCountry "GER"]
[SourceTitle "CBM 126 Extra"]
[Source "ChessBase"]
[SourceDate "2008.11.05"]
[SourceVersion "1"]
[SourceVersionDate "2008.11.05"]
[SourceQuality "1"]

1. e4 d5 2. exd5 Nf6 3. c4 e6 4. dxe6 Bxe6 5. Nf3 Bg4 6. Be2 Bd6 7. 0-0 0-0 8. d4 Re8 9. Be3 Nbd7 10. a3 c6 11. Nc3 Qe7 12. Qd3 h6 13. Rae1 Rad8 14. h3 Bh5 15. Qd2 Qf8 16. Kh1 Bg6 17. Nh4 Bh7 18. Bd3 Ne4 19. Nxe4 Bxe4 20. Bxe4 Rxe4 21. Nf5 Re6 22. Bf4 Bxf4 23. Qxf4 Rde8 24. Rxe6 Rxe6 25. Ng3 Nb6 26. Qc1 Qd8 27. Rd1 Qf6 28. Qc2 Qe7 29. c5 Nd5 30. Nf5 Qg5 31. Nd6 Nf4 32. Rg1 Re1 33. f3 Rxg1+ 34. Kxg1 Nxh3+ 35. Kh2 Nf4 36. Nxb7 1/2-1/2